The ascension of Christ. (Record no. 7626)

000 -LEADER
fixed length control field 00562nam a2200181 a 4500
001 - CONTROL NUMBER
control field :::00005387$&:&@@
003 - CONTROL NUMBER IDENTIFIER
control field OkBaRHE
005 - DATE AND TIME OF LATEST TRANSACTION
control field 20000607103325.0
008 - FIXED-LENGTH DATA ELEMENTS--GENERAL INFORMATION
fixed length control field s1980 j 000 0 eng u
040 ## - CATALOGING SOURCE
Transcribing agency
100 1# - MAIN ENTRY--PERSONAL NAME
Personal name Milligan, William.
245 14 - TITLE STATEMENT
Title The ascension of Christ.
260 ## - PUBLICATION, DISTRIBUTION, ETC. (IMPRINT)
Place of publication, distribution, etc Minneapolis, MN., :
Name of publisher, distributor, etc Klock & Klock Christian Publishers, Inc.
Date of publication, distribution, etc 1980
300 ## - PHYSICAL DESCRIPTION
Extent 374 p. ;
Dimensions 23 cm.
650 ## - SUBJECT ADDED ENTRY--TOPICAL TERM
Topical term or geographic name as entry element Jesus Christ
General subdivision Ascension
942 ## - ADDED ENTRY ELEMENTS (KOHA)
Source of classification or shelving scheme
Koha item type Books
Copies
Not for loan Shelving location Copy number Barcode Source of classification or shelving scheme Permanent Location Full call number Withdrawn status Date acquired Current Location Date checked out Total Checkouts Koha item type Damaged status Total Renewals Price effective from Lost status Date last seen
 General Stacks15387 RHEMA Bible Training CollegeBT 500 .M48 2010-04-14RHEMA Bible Training College2013-11-131Books 12010-04-14 2013-12-18